[Event "FICGS no engines 127 email"]
[Site "FICGS email"]
[Date "2023.04.16"]
[Round "1"]
[White "Schangareev, Mirzian"]
[Black "Suwara, Kazimierz"]
[Result "1-0"]
[WhiteElo "1944"]
[BlackElo "1958"]
[PlyCount "35"]
[EventDate "2023.??.??"]
[EventType "swiss (corr)"]
[EventRounds "1"]
[SourceTitle "Corr 2024"]
[Source "ChessBase"]
[SourceDate "2023.10.19"]
[SourceVersion "1"]
[SourceVersionDate "2023.10.19"]
[SourceQuality "1"]

1. d4 d5 2. c4 Nf6 3. cxd5 Nxd5 4. Nf3 Bf5 5. Nbd2 Bg6 6. h4 f6 7. e4 Nb6 8. h5 Bf7 9. Nb3 e6 10. Bd2 N8d7 11. Be2 h6 12. Rc1 Bd6 13. Nh4 Qe7 14. a4 Nxa4 15. Na5 Nab6 16. Nxb7 0-0 17. Nxd6 Qxd6 18. Rc3 1-0

[Event "FICGS class C 000304 email"]
[Site "FICGS email"]
[Date "2022.08.22"]
[Round "1"]
[White "Suwara, Kazimierz"]
[Black "Rafferty, Frey"]
[Result "1-0"]
[WhiteElo "1955"]
[BlackElo "1900"]
[PlyCount "27"]
[EventDate "2022.??.??"]
[EventType "tourn (corr)"]
[EventRounds "4"]
[SourceTitle "Corr 2024"]
[Source "ChessBase"]
[SourceDate "2023.10.19"]
[SourceVersion "1"]
[SourceVersionDate "2023.10.19"]
[SourceQuality "1"]

1. e4 e5 2. Nf3 Nc6 3. Bb5 a6 4. Bxc6 dxc6 5. 0-0 Bg4 6. h3 h5 7. c3 Qf6 8. d4 Bxf3 9. Qxf3 Qxf3 10. gxf3 exd4 11. cxd4 Ne7 12. Be3 g5 13. Kh2 Bh6 14. Nc3 1-0

[Event "FICGS class C 000356 email"]
[Site "FICGS email"]
[Date "2022.07.02"]
[Round "1"]
[White "Suwara, Kazimierz"]
[Black "Cleto Junior, Dirceu"]
[Result "1/2-1/2"]
[WhiteElo "1938"]
[BlackElo "2089"]
[PlyCount "68"]
[EventDate "2022.??.??"]
[EventType "tourn (corr)"]
[EventRounds "1"]
[SourceTitle "Corr 2024"]
[Source "ChessBase"]
[SourceDate "2023.10.19"]
[SourceVersion "1"]
[SourceVersionDate "2023.10.19"]
[SourceQuality "1"]

1. d4 d5 2. Nf3 Nf6 3. Bg5 Ne4 4. Bh4 c5 5. e3 Qb6 6. Nc3 Qa5 7. Be2 Nc6 8. 0-0 Nxc3 9. bxc3 Qxc3 10. dxc5 e6 11. Rb1 a6 12. Nd4 Bxc5 13. Nxc6 bxc6 14. Rb3 Qa5 15. Qa1 0-0 16. Qc3 Qxc3 17. Rxc3 Bb4 18. Rxc6 Bd7 19. Rxa6 Rxa6 20. Bxa6 Ra8 21. Bd3 Rxa2 22. Rb1 Ra4 23. Bg3 f6 24. h4 g6 25. c4 dxc4 26. Bxc4 Be7 27. Be2 Rb4 28. Rxb4 Bxb4 29. e4 Bc6 30. f3 Bc3 31. Bc4 Kf7 32. Kf2 f5 33. Ke3 fxe4 34. fxe4 Ba4 1/2-1/2

[Event "FICGS class C 000297 email"]
[Site "FICGS email"]
[Date "2021.10.31"]
[Round "1"]
[White "Suwara, Kazimierz"]
[Black "Pech, Stepan"]
[Result "0-1"]
[WhiteElo "1901"]
[BlackElo "1892"]
[PlyCount "90"]
[EventDate "2021.??.??"]
[EventType "tourn (corr)"]
[EventRounds "4"]
[SourceTitle "Corr 2024"]
[Source "ChessBase"]
[SourceDate "2023.10.19"]
[SourceVersion "1"]
[SourceVersionDate "2023.10.19"]
[SourceQuality "1"]

1. d4 d5 2. Nc3 Nf6 3. Bg5 Nbd7 4. Nf3 h6 5. Bh4 e6 6. e4 g5 7. Bg3 Nxe4 8. Nxe4 dxe4 9. Nd2 f5 10. h4 f4 11. Bh2 Nf6 12. c3 Qd5 13. Qc2 Bd7 14. f3 e3 15. Nc4 Rg8 16. Ne5 Bd6 17. Bc4 Qa5 18. Qb3 Bxe5 19. Bxe6 0-0-0 20. Bxg8 Rxg8 21. dxe5 Qxe5 22. hxg5 hxg5 23. Qc4 Bb5 24. Qb4 Rd8 25. c4 Ba4 26. Qc3 Qf5 27. b3 Bc6 28. Rd1 Re8 29. Qd4 Qa5+ 30. b4 Qxb4+ 31. Kf1 e2+ 32. Kf2 exd1Q 33. Rxd1 Nd7 34. Rf1 Ne5 35. a3 Qb3 36. Kg1 Bxf3 37. Re1 Qc2 38. Qf2 Qxf2+ 39. Kxf2 Nd3+ 40. Kxf3 Nxe1+ 41. Kf2 Nd3+ 42. Kf3 Ne5+ 43. Ke4 Ng4+ 44. Kf5 Nxh2 45. Kxg5 Rf8 0-1

[Event "FICGS class C 000293 email"]
[Site "FICGS email"]
[Date "2021.07.02"]
[Round "1"]
[White "Suwara, Kazimierz"]
[Black "Brand Lyard, Paul"]
[Result "1-0"]
[WhiteElo "1876"]
[BlackElo "1900"]
[PlyCount "51"]
[EventDate "2021.??.??"]
[EventType "tourn (corr)"]
[EventRounds "4"]
[SourceTitle "Corr 2024"]
[Source "ChessBase"]
[SourceDate "2023.10.19"]
[SourceVersion "1"]
[SourceVersionDate "2023.10.19"]
[SourceQuality "1"]

1. e4 e5 2. Nf3 Nc6 3. Bb5 f6 4. 0-0 d6 5. d4 Bg4 6. d5 a6 7. Bxc6+ Ke7 8. Bxb7 Bxf3 9. Qxf3 Rb8 10. Bxa6 Rb6 11. Bd3 Qd7 12. a4 h5 13. a5 Rb4 14. a6 Qc8 15. a7 g6 16. a8Q Qxa8 17. Rxa8 Nh6 18. Qh3 f5 19. exf5 Kf6 20. Bxh6 Rxh6 21. Rxf8+ Kg7 22. f6+ Kxf8 23. Qc8+ Kf7 24. Qe6+ Kf8 25. Qe7+ Kg8 26. Qg7# 1-0

[Event "FICGS class C 000293 email"]
[Site "FICGS email"]
[Date "2021.07.02"]
[Round "1"]
[White "Trigance, Emile"]
[Black "Suwara, Kazimierz"]
[Result "1/2-1/2"]
[WhiteElo "1739"]
[BlackElo "1876"]
[PlyCount "140"]
[EventDate "2021.??.??"]
[EventType "tourn (corr)"]
[EventRounds "4"]
[SourceTitle "Corr 2024"]
[Source "ChessBase"]
[SourceDate "2023.10.19"]
[SourceVersion "1"]
[SourceVersionDate "2023.10.19"]
[SourceQuality "1"]

1. e4 e5 2. f4 d5 3. exd5 e4 4. d3 Nf6 5. dxe4 Nxe4 6. Nf3 Bc5 7. Qe2 Bf2+ 8. Kd1 Qxd5+ 9. Nfd2 f5 10. Nc3 Qd4 11. Ncxe4 fxe4 12. c3 Qe3 13. Qh5+ Kf8 14. Bc4 Qxf4 15. Qd5 Qg4+ 16. Kc2 Ke8 17. Qf7+ Kd8 18. Qxf2 Bf5 19. Qe3 Nd7 20. Rf1 Bg6 21. g3 Kc8 22. b3 Qh3 23. Rf2 Qh6 24. Re2 Qxe3 25. Rxe3 Nf6 26. Be6+ Kb8 27. c4 a5 28. Bb2 Re8 29. Bh3 Ra6 30. Rae1 Rd6 31. Bxf6 gxf6 32. Nxe4 Rd4 33. Bg2 f5 34. Kc3 Rdxe4 35. Bxe4 fxe4 36. g4 Rf8 37. h4 h6 38. g5 hxg5 39. hxg5 Rf2 40. R1e2 Rf1 41. Rxe4 Bxe4 42. Rxe4 Rg1 43. Re5 Rg4 44. Rxa5 Kc8 45. Rd5 c6 46. Rc5 Rg2 47. a4 Kc7 48. a5 Rg3+ 49. Kc2 Rf3 50. b4 Kd6 51. Kb2 Rf2+ 52. Kc3 Rg2 53. Kd3 Rg4 54. Rf5 Ke6 55. Rc5 Kd6 56. Ke3 Rh4 57. Kf3 Ke6 58. b5 cxb5 59. cxb5 Ra4 60. a6 bxa6 61. Rc6+ Kd7 62. Rxa6 Rb4 63. b6 Ke6 64. g6 Kf6 65. b7+ Kg7 66. Re6 Rxb7 67. Kf4 Rb2 68. Kf3 Rh2 69. Kg4 Rg2+ 70. Kf5 Rf2+ 1/2-1/2

[Event "FICGS class C 000290 email"]
[Site "FICGS email"]
[Date "2021.03.18"]
[Round "1"]
[White "Kalistratov, Aleksandr"]
[Black "Suwara, Kazimierz"]
[Result "0-1"]
[WhiteElo "1875"]
[BlackElo "1868"]
[PlyCount "22"]
[EventDate "2021.??.??"]
[EventType "tourn (corr)"]
[EventRounds "4"]
[SourceTitle "Corr 2022"]
[Source "ChessBase"]
[SourceDate "2021.10.24"]
[SourceVersion "1"]
[SourceVersionDate "2021.10.24"]
[SourceQuality "1"]

1. e4 c5 2. Nf3 a6 3. c3 e6 4. d4 d5 5. e5 Bd7 6. Bd3 cxd4 7. cxd4 Nc6 8. Nc3 Nh6 9. 0-0 Ng8 10. a3 Nge7 11. Re1 Rc8 0-1

[Event "FICGS class C 000290 email"]
[Site "FICGS email"]
[Date "2021.03.18"]
[Round "1"]
[White "Nudo, Davide Francesco Ma"]
[Black "Suwara, Kazimierz"]
[Result "0-1"]
[WhiteElo "1661"]
[BlackElo "1868"]
[PlyCount "50"]
[EventDate "2021.??.??"]
[EventType "tourn (corr)"]
[EventRounds "4"]
[SourceTitle "Corr 2024"]
[Source "ChessBase"]
[SourceDate "2023.10.19"]
[SourceVersion "1"]
[SourceVersionDate "2023.10.19"]
[SourceQuality "1"]

1. e4 c5 2. Nf3 e6 3. d4 cxd4 4. Nxd4 a6 5. Nc3 b5 6. a3 Bb7 7. Bd3 d6 8. 0-0 Nf6 9. Qe2 Be7 10. b4 0-0 11. a4 bxa4 12. Rxa4 Nc6 13. Nxc6 Bxc6 14. Rxa6 Rxa6 15. Bxa6 Qa8 16. Bd3 e5 17. b5 Bb7 18. f3 Rc8 19. Bb2 Qa5 20. Ra1 Qc7 21. g3 g6 22. Na4 Nd7 23. c4 Ra8 24. Kg2 Nc5 25. Nxc5 Qxc5 0-1

[Event "FICGS class C 000288 email"]
[Site "FICGS email"]
[Date "2021.01.13"]
[Round "1"]
[White "Chronopoulos, Antonis"]
[Black "Suwara, Kazimierz"]
[Result "1-0"]
[WhiteElo "2000"]
[BlackElo "1865"]
[PlyCount "101"]
[EventDate "2021.??.??"]
[EventType "tourn (corr)"]
[EventRounds "4"]
[SourceTitle "Corr 2022"]
[Source "ChessBase"]
[SourceDate "2021.10.24"]
[SourceVersion "1"]
[SourceVersionDate "2021.10.24"]
[SourceQuality "1"]

1. d4 Nf6 2. c4 g6 3. Nc3 d5 4. cxd5 Nxd5 5. e4 Nxc3 6. bxc3 Bg7 7. Nf3 0-0 8. Be2 b6 9. h4 Bb7 10. e5 Qd7 11. h5 Bd5 12. Qd3 Nc6 13. hxg6 hxg6 14. Nh4 Be6 15. Bf4 Bg4 16. f3 Be6 17. Kf2 Rfd8 18. Rad1 Na5 19. Nxg6 fxg6 20. Qxg6 Bf5 21. Qg3 e6 22. Bh6 Qf7 23. Rh5 Qg6 24. Qh4 Kf7 25. g4 Bc2 26. Rc1 Rh8 27. Bxg7 Qxg7 28. Rxc2 Rxh5 29. Qxh5+ Ke7 30. Qh4+ Kf7 31. g5 Rg8 32. f4 Rh8 33. Bh5+ Kg8 34. Kg3 Qe7 35. Rh2 Kg7 36. Qg4 Qd7 37. Qe2 Nc6 38. Bg4 Nd8 39. Rxh8 Kxh8 40. Qh2+ Kg8 41. g6 Qe7 42. Bf3 b5 43. d5 Qg7 44. Qh5 Kf8 45. dxe6 Nxe6 46. Bd5 Nd8 47. Qg5 Ke8 48. Qf6 Qd7 49. Bf3 Qe6 50. Qh8+ Kd7 51. Qh7+ 1-0

[Event "FICGS class C 000288 email"]
[Site "FICGS email"]
[Date "2021.01.13"]
[Round "1"]
[White "Suwara, Kazimierz"]
[Black "Gossmann, Ewald J"]
[Result "1-0"]
[WhiteElo "1865"]
[BlackElo "2000"]
[PlyCount "53"]
[EventDate "2021.??.??"]
[EventType "tourn (corr)"]
[EventRounds "4"]
[SourceTitle "Corr 2022"]
[Source "ChessBase"]
[SourceDate "2021.10.24"]
[SourceVersion "1"]
[SourceVersionDate "2021.10.24"]
[SourceQuality "1"]

1. e4 e6 2. d4 d5 3. Nc3 Nf6 4. Bg5 dxe4 5. Nxe4 Nbd7 6. Nf3 h6 7. Nxf6+ Nxf6 8. Be3 Bd6 9. Bd3 0-0 10. Qe2 b6 11. 0-0-0 Bb7 12. Ne5 Nd5 13. c3 c5 14. Bc2 Qc7 15. Qd3 f5 16. Nf3 c4 17. Qe2 b5 18. Bd2 Nf4 19. Bxf4 Bxf4+ 20. Kb1 Bd5 21. g3 Bd6 22. Ne5 Bxh1 23. Rxh1 Bxe5 24. dxe5 Rab8 25. f4 b4 26. cxb4 Rxb4 27. a3 1-0

[Event "FICGS class C 000288 email"]
[Site "FICGS email"]
[Date "2021.01.13"]
[Round "1"]
[White "Suwara, Kazimierz"]
[Black "Vollmer, Steve"]
[Result "1-0"]
[WhiteElo "1865"]
[BlackElo "1802"]
[PlyCount "133"]
[EventDate "2021.??.??"]
[EventType "tourn (corr)"]
[EventRounds "4"]
[SourceTitle "Corr 2024"]
[Source "ChessBase"]
[SourceDate "2023.10.19"]
[SourceVersion "1"]
[SourceVersionDate "2023.10.19"]
[SourceQuality "1"]

1. e4 c5 2. f4 Nc6 3. Nf3 d6 4. Nc3 e6 5. g3 Nf6 6. Bg2 Be7 7. 0-0 0-0 8. d3 a6 9. e5 dxe5 10. fxe5 Nd5 11. Ne4 Nd4 12. c3 Nxf3+ 13. Rxf3 Qc7 14. d4 cxd4 15. cxd4 Bd7 16. Bg5 Bxg5 17. Nxg5 h6 18. Ne4 Bc6 19. Qd2 Rad8 20. h4 Qe7 21. Raf1 Nb4 22. Rb3 Bxe4 23. Bxe4 Nd5 24. Bxd5 Rxd5 25. Rf4 Rfd8 26. Rg4 Kh8 27. Qe3 b5 28. Kh2 Qa7 29. Rf4 R8d7 30. Kg2 Rxd4 31. Rxd4 Qxd4 32. Qxd4 Rxd4 33. Kf3 Rd5 34. Ke4 h5 35. Ra3 f6 36. exf6 gxf6 37. Rxa6 Re5+ 38. Kf4 Kg7 39. a3 Re2 40. Kf3 Re5 41. Ra5 Kf7 42. Kf4 Ke7 43. b4 Kd6 44. g4 hxg4 45. Kxg4 Rd5 46. h5 Ke5 47. h6 f5+ 48. Kg5 f4 49. h7 Rd8 50. Rxb5+ Ke4 51. Rb7 f3 52. Rf7 e5 53. b5 Ke3 54. b6 f2 55. b7 Ke2 56. a4 e4 57. Kg6 f1Q 58. Rxf1 Kxf1 59. a5 e3 60. Kg7 Rd7+ 61. Kf6 e2 62. b8Q Rxh7 63. Qf4+ Kg1 64. Qg4+ Kf2 65. Qf5+ Kg2 66. Qe4+ Kg3 67. Qe3+ 1-0

[Event "FICGS class C 000283 email"]
[Site "FICGS email"]
[Date "2020.07.21"]
[Round "1"]
[White "Suwara, Kazimierz"]
[Black "Block, Benjamin"]
[Result "1/2-1/2"]
[WhiteElo "1829"]
[BlackElo "1745"]
[PlyCount "124"]
[EventDate "2020.??.??"]
[EventType "tourn (corr)"]
[EventRounds "4"]
[SourceTitle "Corr 2022"]
[Source "ChessBase"]
[SourceDate "2021.10.24"]
[SourceVersion "1"]
[SourceVersionDate "2021.10.24"]
[SourceQuality "1"]

1. e4 c5 2. Nf3 d6 3. d4 cxd4 4. Nxd4 Nf6 5. Nc3 a6 6. Qd2 e5 7. Nf3 Be7 8. Bc4 0-0 9. 0-0 Qc7 10. Qd3 b5 11. Bg5 bxc4 12. Qd1 Be6 13. Nh4 Nbd7 14. Qf3 Rab8 15. Rab1 d5 16. exd5 Nxd5 17. Nxd5 Bxd5 18. Qxd5 Bxg5 19. Nf5 Rfd8 20. h4 Nf6 21. Qc6 Qxc6 22. Ne7+ Kf8 23. Nxc6 Bxh4 24. g3 Bg5 25. Rfe1 e4 26. Nxd8 Rxd8 27. Rbd1 Rb8 28. b3 g6 29. Re2 Kg7 30. Rd6 e3 31. f3 h5 32. Rxa6 cxb3 33. axb3 Rd8 34. f4 Bh6 35. Rxe3 h4 36. gxh4 Bxf4 37. Rf3 Be5 38. Rd3 Rh8 39. Kg2 Rxh4 40. Ra5 Rh2+ 41. Kg1 Rh5 42. b4 Ng4 43. Ra2 Bh2+ 44. Kg2 Bc7 45. Rh3 Rg5 46. c3 Ne5+ 47. Kf1 Bb6 48. Ra6 Rf5+ 49. Ke2 Rf2+ 50. Ke1 Rf6 51. Ra8 Re6 52. Rhh8 Nc4+ 53. Kd1 Ne3+ 54. Kd2 Rd6+ 55. Ke2 Nc4 56. Rhg8+ Kf6 57. Rgc8 Re6+ 58. Kd3 Ne5+ 59. Ke4 Nd7+ 60. Kd3 Ne5+ 61. Ke4 Nd7+ 62. Kd3 Ne5+ 1/2-1/2

[Event "FICGS class D 000261 email"]
[Site "FICGS email"]
[Date "2020.01.27"]
[Round "1"]
[White "Suwara, Kazimierz"]
[Black "Trigance, Emile"]
[Result "1-0"]
[WhiteElo "1766"]
[BlackElo "1646"]
[PlyCount "83"]
[EventDate "2020.??.??"]
[EventType "tourn (corr)"]
[EventRounds "6"]
[SourceTitle "Corr 2022"]
[Source "ChessBase"]
[SourceDate "2021.10.24"]
[SourceVersion "1"]
[SourceVersionDate "2021.10.24"]
[SourceQuality "1"]

1. e4 e5 2. Nf3 Nc6 3. Bb5 Bc5 4. d3 d6 5. Bg5 Nge7 6. c3 Bd7 7. d4 Bb6 8. d5 Nb8 9. Qd3 f6 10. Be3 Bxe3 11. Bxd7+ Nxd7 12. Qxe3 0-0 13. c4 c5 14. 0-0 f5 15. Nbd2 f4 16. Qb3 b6 17. Ng5 Rf6 18. a4 Nf8 19. Rfe1 h6 20. Ngf3 g5 21. h3 Kg7 22. Qc2 Nfg6 23. b3 Rf8 24. Qc3 Qc7 25. a5 Rfb8 26. b4 cxb4 27. Qxb4 Nc8 28. Qa3 Nge7 29. Reb1 Qc5 30. Qa4 Qc7 31. Ne1 Kf7 32. Nd3 bxa5 33. Rc1 Rb7 34. Nb3 Qd7 35. Qa3 a4 36. Nbc5 dxc5 37. Nxc5 Qc7 38. Nxb7 Qxb7 39. Qxa4 Ng8 40. c5 Nf6 41. Rab1 Qe7 42. Qc6 1-0

[Event "SD-2019-0-00305"]
[Site "LSS email"]
[Date "2019.11.13"]
[Round "?"]
[White "Stringa, Alejandro"]
[Black "Suwara, Kazimierz"]
[Result "1-0"]
[WhiteElo "1574"]
[BlackElo "1690"]
[PlyCount "81"]
[EventDate "2019.06.30"]
[EventType "tourn (corr)"]
[EventRounds "6"]
[EventCountry "GER"]
[SourceTitle "Corr 2022"]
[Source "ChessBase"]
[SourceDate "2021.10.24"]
[SourceVersion "1"]
[SourceVersionDate "2021.10.24"]
[SourceQuality "1"]

1. d4 d5 2. c4 e6 3. Nc3 c6 4. Nf3 dxc4 5. a4 Bb4 6. e3 b5 7. Bd2 Qe7 8. axb5 Bxc3 9. Bxc3 cxb5 10. d5 Nf6 11. d6 Qb7 12. b3 Nbd7 13. bxc4 b4 14. Bd4 0-0 15. Ra5 b3 16. Bd3 Rd8 17. Rb5 Qc6 18. Qxb3 Ba6 19. Ra5 Rac8 20. 0-0 Bxc4 21. Bxc4 Qxc4 22. Qxc4 Rxc4 23. Rxa7 Rc6 24. Bxf6 gxf6 25. h3 Rxd6 26. Rc1 Ne5 27. Nd4 f5 28. f4 R6d7 29. Rcc7 Kh8 30. fxe5 Rxc7 31. Rxc7 Kg8 32. Nb5 Rf8 33. Nd6 f6 34. exf6 Rxf6 35. Rc8+ Rf8 36. Rxf8+ Kxf8 37. Kf2 Ke7 38. Nc4 Kd7 39. Kf3 Kc6 40. e4 fxe4+ 41. Kxe4 1-0

[Event "FICGS no engines 00 email"]
[Site "FICGS email"]
[Date "2019.09.13"]
[Round "1"]
[White "Senis, Enrico"]
[Black "Suwara, Kazimierz"]
[Result "1-0"]
[WhiteElo "1705"]
[BlackElo "1766"]
[PlyCount "31"]
[EventDate "2019.??.??"]
[EventType "swiss (corr)"]
[EventRounds "1"]
[SourceTitle "Corr 2022"]
[Source "ChessBase"]
[SourceDate "2021.10.24"]
[SourceVersion "1"]
[SourceVersionDate "2021.10.24"]
[SourceQuality "1"]

1. d4 Nf6 2. c4 e6 3. Nc3 Bb4 4. Bg5 h6 5. Bh4 c5 6. Nf3 Qa5 7. Qc2 g5 8. Bg3 cxd4 9. Nxd4 Ne4 10. Rc1 d5 11. e3 Nxg3 12. hxg3 Nc6 13. Nb3 Qc7 14. Be2 Bd7 15. 0-0 dxc4 16. Nd4 1-0

[Event "FICGS no engines 00 email"]
[Site "FICGS email"]
[Date "2019.09.13"]
[Round "1"]
[White "Suwara, Kazimierz"]
[Black "Foster, Duncan"]
[Result "1-0"]
[WhiteElo "1766"]
[BlackElo "1932"]
[PlyCount "89"]
[EventDate "2019.??.??"]
[EventType "swiss (corr)"]
[EventRounds "1"]
[SourceTitle "Corr 2022"]
[Source "ChessBase"]
[SourceDate "2021.10.24"]
[SourceVersion "1"]
[SourceVersionDate "2021.10.24"]
[SourceQuality "1"]

1. e4 c6 2. d4 d5 3. Nc3 dxe4 4. Nxe4 Bf5 5. Ng3 Bg6 6. h4 h6 7. Nf3 Nd7 8. h5 Bh7 9. Be3 Ngf6 10. Bd3 Bxd3 11. Qxd3 e6 12. 0-0-0 Qc7 13. Kb1 Bd6 14. Ne4 Nxe4 15. Qxe4 0-0-0 16. c3 Nf6 17. Qd3 Qa5 18. c4 Rhe8 19. Qc2 Qf5 20. Qxf5 exf5 21. Ne5 Bxe5 22. dxe5 Rxd1+ 23. Rxd1 Rxe5 24. Bd4 Re6 25. Bxa7 Nxh5 26. Bb6 Re8 27. Kc2 Nf4 28. g3 Ne6 29. a4 Nc7 30. a5 Re4 31. Kd3 h5 32. b4 Rg4 33. Rh1 g6 34. Be3 Ne6 35. b5 cxb5 36. cxb5 Ra4 37. Rc1+ Kd7 38. Bd2 f4 39. gxf4 Nxf4+ 40. Bxf4 Rxf4 41. b6 Ra4 42. Rc7+ Ke6 43. Rxb7 Rxa5 44. Kc4 f6 45. Ra7 1-0

[Event "FICGS no engines 00 email"]
[Site "FICGS email"]
[Date "2019.09.13"]
[Round "1"]
[White "Suwara, Kazimierz"]
[Black "Zaunercik, Ilmar"]
[Result "1-0"]
[WhiteElo "1766"]
[BlackElo "1439"]
[PlyCount "59"]
[EventDate "2019.??.??"]
[EventType "swiss (corr)"]
[EventRounds "1"]
[SourceTitle "Corr 2022"]
[Source "ChessBase"]
[SourceDate "2021.10.24"]
[SourceVersion "1"]
[SourceVersionDate "2021.10.24"]
[SourceQuality "1"]

1. e4 e5 2. Nf3 Nc6 3. Bc4 Nf6 4. d4 exd4 5. 0-0 Be7 6. Nxd4 Nxe4 7. Nf5 Bf6 8. Qd5 0-0 9. Qxe4 d5 10. Bxd5 Bxf5 11. Qxf5 Ne7 12. Bxf7+ Rxf7 13. Qe4 Nc6 14. Nc3 Qe7 15. Qxe7 Rxe7 16. Bf4 Bxc3 17. bxc3 Rd8 18. Bg5 Kf7 19. Bxe7 Nxe7 20. Rab1 b6 21. Rfd1 Rxd1+ 22. Rxd1 Ke8 23. c4 c5 24. a4 Nc6 25. Rd3 Nd4 26. a5 Kd7 27. axb6 axb6 28. c3 Kc6 29. cxd4 cxd4 30. Rxd4 1-0

[Event "SC-2019-0-00377"]
[Site "LSS email"]
[Date "2019.08.31"]
[Round "?"]
[White "Suwara, Kazimierz"]
[Black "Mathes, Christian"]
[Result "0-1"]
[WhiteElo "1690"]
[BlackElo "1649"]
[PlyCount "90"]
[EventDate "2019.07.01"]
[EventType "tourn (corr)"]
[EventRounds "6"]
[EventCountry "GER"]
[SourceTitle "Corr 2022"]
[Source "ChessBase"]
[SourceDate "2021.10.24"]
[SourceVersion "1"]
[SourceVersionDate "2021.10.24"]
[SourceQuality "1"]

1. d4 f5 2. g3 Nf6 3. Bg2 g6 4. Nf3 Bg7 5. 0-0 0-0 6. c4 d6 7. Nc3 c6 8. d5 e5 9. dxe6 Bxe6 10. Qd3 Ng4 11. Ng5 Bc8 12. h4 Na6 13. Qc2 Qe7 14. Bf4 h6 15. Nf3 Be6 16. Rad1 Rad8 17. Qa4 Rf7 18. Nd4 Bc8 19. Nf3 Bf6 20. Rfe1 g5 21. hxg5 hxg5 22. Bd2 Nc5 23. Qxa7 f4 24. gxf4 gxf4 25. Qa3 Bh4 26. Rf1 Ne5 27. Nxe5 Qxe5 28. Nd5 cxd5 29. Qf3 Qg7 30. Bxf4 Ne6 31. e3 Rdf8 32. Rfe1 Rxf4 33. exf4 Rxf4 34. Qe3 d4 35. Qd2 Rxf2 36. Qxf2 Bxf2+ 37. Kxf2 Nf4 38. Bd5+ Kf8 39. Rh1 Qe5 40. Bf3 Bh3 41. Rxh3 Nxh3+ 42. Kg2 Nf4+ 43. Kf2 Qe3+ 44. Kg3 d3 45. c5 dxc5 0-1